000 008620am a2200265 004500
008 750327s1966 enk 001 0 eng
010 _a 66002631
015 _aB66-3077
040 _aDLC
_c DLC
_d DLC
050 0 0 _aJN550 1966
_b.W5
092 0 4 _a328.42008
_bW8142
_221
099 _a04
_a328.42008 W8142
100 1 _aWiseman, H. Victor
_q(Herbert Victor),
_ecomp.
245 1 0 _aParliament and the Executive:
_ban analysis with readings,
_cby H.V. Wiseman.
260 _aLondon,
_bRoutledge & K. Paul,
_c1966.
300 _axvi, 271 p.
_c23 cm.
610 1 0 _aGreat Britain.
_bParliament.
650 0 _aExecutive power
_zGreat Britain.
651 0 _aGreat Britain
_xPolitics and government.
902 _a1
905 _aRasha
_eCat
905 _aReda
_eRev
942 _2ddc
_cBK
999 _c106980
_d106980